000 00684nam a2200205 i 4500
001 43958
003 ES-MaACL
005 20230906160922.0
007 t|
008 030320s1934 fr ||||1| fre d
100 1 _aCicerón, Marco Tulio.
_938748
245 1 0 _aCorrespondance /
_cCicerón ; texte établi et traduit par L. A. Constans.
260 _aParis :
_bSocieté d'Education "Les Belles Lettres",
_c1934 (
_eDijon :
_fDarautiere)
300 _a297 p. ;
_c21 cm.
490 1 _aCollection Universités de France
700 1 _aConstans, L. A.
_940241
830 0 _aCollection Universités de France
_9182002
852 _aES-MaACL
_jE-3635
_bR.14336
999 _c43958
_d43958